000
00319 a2200157 4500
001
59103
020
_a
851604128X
040
_c
Anchieta - Pituba
100
_a
D'Araujo, Maria Celina
240
1
0
_a
A era Vargas
_l
por
245
1
0
_a
A era Vargas
300
_a
120
362
0
_a
2004
650
4
_a
Brasil
942
_c
BK
999
_c
59103
_d
59103